Statystyki dla Cesarze Japonii

Kliknij tutaj aby rozwiązać quiz!

Ogólne statystyki

  • Ten quiz został rozwiązany 37 razy
  • Średni wynik to 3 z 9

Statystyki odpowiedzi

Odpowiedź% Poprawnych
Hirohito
94%
Akihito
64%
Naruhito
61%
Mutsuhito
39%
Yoshihito
33%
Osahito
12%
Ayahito
3%
Hidehito
3%
Tomohito
3%

Rozkład punktacji

Percentyl według liczby udzielonych odpowiedzi

Procent ludzi z każdym wynikiem

Twoja historia wyników

Nie rozwiązałeś tego quizu